01233cam a22003614i 4500003000900000005001700009008004100026020001500067035002700082040003300109082002400142100003400166245007300200264005400273300003800327336002100365337002500386338002300411504002800434505026500462526001000727526001000737526001000747526001000757526000800767526000800775526000800783526000800791526000800799526000800807526000800815650004800823PE-LiUPU20250731173525.0150616s r 000 0 d a0802836992 a(Sirsi) i9780802836991 aPE-LiUPUbspacPE-LiUPUerda04a264.042081bO422211 aOld, Hughes Oliphant,eautor.14aThe Shaping of the Reformed Baptismal Rite in the Sixteenth Century. 1aMichigan :bW. B. Eermands Publishing Co.,c1992. a324 páginas ;c23 centímetros atext2rdacontent aunmediated2rdamedia avolume2rdacarrier aIncluye bibliografía.0 aThe latin baptismal rites on the eve of reformation.- The first translation of the latin rites.- The first reformed baptismal rites.- The Anabaptist bid for the reform of the baptismal rite.- The defense of infant baptism by the earliest reformed theologians. aSEG42 aSEG41 aSEG40 aSEG39 aP94 aP87 aP86 aP85 aP77 aP76 aP3504aBAUTISMO (LITURGIA) - HISTORIA - SIGLO XVI.